000 00386nam a2200145 i 4500
001 bg
100 1 _aCZARNECKA, Krystyna
245 0 _aProblemy interpretacji badań współczesnych ruchów skorupy ziemskiej w Polsce /
_cK.Czarnecka.
260 _aWarszawa,
_c1988.
040 _cBPK
041 _apol
080 _a528.2
942 _cKS
008 s pl f |000 0 pol
999 _c28818
_d28818
856 _uhttp://koha.tu.koszalin.pl/cgi-bin/koha/opac-detail.pl?biblionumber=28818
_yKatalog online BPK